| 000 | 01113cam a2200325 a 4500 | ||
|---|---|---|---|
| 001 | 15048091 | ||
| 003 | OSt | ||
| 005 | 20241030195227.0 | ||
| 008 | 071017s2009 maua 001 0 eng | ||
| 010 |
_a 2007939714 _z 2009932442 _z 2009932443 |
||
| 020 | _a9780618926961 (hardcover) | ||
| 020 | _a0618926968 (hardcover) | ||
| 020 | _a9780618935963 (softcover) | ||
| 020 | _a0618935967 (softcover) | ||
| 040 |
_aDLC _cDLC |
||
| 042 | _apcc | ||
| 050 | 0 | 0 |
_aQ161.2 _b.S44 2009 |
| 100 | 1 | _aShipman, James T. | |
| 245 | 1 | 3 |
_aAn introduction to physical science / _cJames T. Shipman, Jerry D. Wilson, Aaron W. Todd ; with Charles A. Higgins, Jr. |
| 250 | _a12th ed. | ||
| 260 |
_aBoston : _bHoughton Mifflin, _cc2009. |
||
| 300 |
_axix, 720, 23, 12, 3, 12 p. : _bill. (Chiefly ill.) ; _c29 cm. |
||
| 500 | _aIncludes index. | ||
| 650 | 0 |
_aPhysical sciences _vTextbooks. |
|
| 700 | 1 | _aWilson, Jerry D. | |
| 700 | 1 | _aTodd, Aaron W. | |
| 906 |
_a7 _bcbc _corignew _d2 _eepcn _f20 _gy-gencatlg |
||
| 942 |
_2lcc _cBK _e12th Ed. _n0 |
||
| 999 |
_c418 _d418 |
||